Women in major political offices - Statistics

General Stats
  • This quiz has been taken 44 times
  • The average score is 10 of 22
Answer Stats
Country Office from Answer % Correct
Germany Chancellor 2005 Angela Merkel
100%
USA Vice president 2021 Kamala Harris
100%
India Prime Minister 1966 Indira Gandhi
79%
UK Prime Minister 1979 Margaret Thatcher
79%
Israel Prime Minister 1969 Golda Meir
72%
Myanmar State Counsellor 2016 Aung San Suu Kyi
69%
Pakistan Prime Minister 1988 Benazir Bhutto
69%
Argentina President 1974 Isabel Perón
69%
Brazil President 2011 Dilma Rousseff
66%
Australia Prime Minister 2010 Julia Gillard
62%
Philippines President 1986 Corazon Aquino
41%
Chile President 2006 Michelle Bachelet
34%
Ireland President 1990 Mary Robinson
28%
Thailand Prime Minister 2011 Yingluck Shinawatra
28%
Indonesia President 2001 Megawati Sukarnoputri
24%
Canada Prime Minister 1993 Kim Campbell
21%
Sri Lanka President 1994 Chandrika Kumaratunga
17%
Bangladesh Prime Minister 1991 Khaleda Zia
17%
Turkey Prime Minister 1993 Tansu Çiller
17%
Norway Prime Minister 1990 Gro Harlem Brundtland
14%
New Zealand Prime Minister 1997 Jenny Shipley
14%
Nicaragua President 1990 Violeta Chamorro
14%
No matching quizzes found
Score Distribution
Percent of People with Each Score
Percentile by Number Answered
Your Score History
You have not taken this quiz